Spoločenská zodpovednosť podnikania v období hospodárskej krízy

Zodpovedné podnikanie. Spoločenská zodpovednosť firiem. Výskum spoločenskej zodpovednosti firiem realizovaný prostredníctvom dotazníkov v r. 2007, v ktorom mali zúčastnené podniky vyjadriť svoje predstavy o spoločenskej zodpovednosti firiem a o jej súvislosti s ich firmou. Výsledky výskumu.

Enregistré dans:
Détails bibliographiques
Auteur principal: Škorvagová, Simona
Format: Chapitre de livre
Langue:slovaque
Sujets:
Tags: Ajouter un tag
Pas de tags, Soyez le premier à ajouter un tag!

MARC

LEADER 00000naa$a2200000$$$4500
001 0102975
005 20240611114153.7
041 0 |a slo 
044 |a SK 
245 1 0 |a Spoločenská zodpovednosť podnikania v období hospodárskej krízy  |c Simona Škorvagová 
520 |a Zodpovedné podnikanie. Spoločenská zodpovednosť firiem. Výskum spoločenskej zodpovednosti firiem realizovaný prostredníctvom dotazníkov v r. 2007, v ktorom mali zúčastnené podniky vyjadriť svoje predstavy o spoločenskej zodpovednosti firiem a o jej súvislosti s ich firmou. Výsledky výskumu. 
610 2 0 |a zodpovednosť spoločenská 
610 2 0 |a firmy 
610 2 0 |a podnikanie 
610 2 0 |a zamestnanci 
610 2 0 |a zákazníci 
610 2 0 |a etika 
610 2 0 |a prostredie životné 
610 2 0 |a ekológia 
610 2 0 |a kríza hospodárska 
610 2 0 |a Slovensko 
100 1 |a Škorvagová, Simona